Krpce /

Salvato in:
Dettagli Bibliografici
Autori principali: Jarošová, Petra (Autore), Čechmánková, Nora (Autore)
Altri autori: Benža, Mojmír (Revisore), Janek, Pavel (Fotografo), Škrabalová, Viera (Illustratore)
Natura: Libro
Lingua:slovacco
Pubblicazione: Bratislava : Ústredie ľudovej umeleckej výroby v Bratislave, 2020
Edizione:1. vydanie
Serie:Pramene
Soggetti:
Tags: Aggiungi Tag
Nessun Tag, puoi essere il primo ad aggiungerne!!

MARC

LEADER 00000nam a22000003a 4500
001 0082609
003 SK-STU
005 20200731123420.8
007 ta
008 200731s ----xo-----e------000-0-----d
020 |a 978-80-89639-63-2 
040 |a STU  |b slo 
041 0 |a slo 
044 |a xo 
100 1 |a Jarošová, Petra  |4 aut 
245 1 0 |a Krpce /  |c aut. Petra Jarošová, Nora Čechmánková 
250 |a 1. vydanie 
260 |a Bratislava :  |b Ústredie ľudovej umeleckej výroby v Bratislave,  |c 2020 
300 |a 90 s. 
490 0 |a Pramene 
650 0 7 |a ľudový odev 
650 0 7 |a Obuvníctvo 
650 0 7 |a výrobky kožené 
700 1 |a Čechmánková, Nora  |4 aut 
700 1 |a Benža, Mojmír  |4 rev 
700 1 |a Janek, Pavel  |4 pht 
700 1 |a Škrabalová, Viera  |4 ill 
996 |b 284AU08422  |c A* 11682/U  |l AA5150  |s P  |a 0  |w 0082609_0001